Normal view
MARC view
Entry Personal Name
Number of records used in: 379
001 - CONTROL NUMBER
- control field: 26640
003 - CONTROL NUMBER IDENTIFIER
- control field: dpl
005 - DATE AND TIME OF LATEST TRANSACTION
- control field: 20110316165413.0
008 - FIXED-LENGTH DATA ELEMENTS
- fixed length control field: 110316|||a|||||| | ||| d
040 ## - CATALOGING SOURCE
- Original cataloging agency: dpl
- Transcribing agency: dpl
100 ## - HEADING--PERSONAL NAME
- Personal name: चौहान, लालबहादुर सिंह
670 ## - SOURCE DATA FOUND
- Source citation: Work cat.: (dpl)15894: चौहान, लालबहादुर सिंह, भारतीय स्वातंत्र्य समर के बलिदानी क्रान्तिवीर /, 2008
670 ## - SOURCE DATA FOUND
- Source citation: Work cat.: (dpl)15894: चौहान, लालबहादुर सिंह, भारतीय स्वातंत्र्य समर के बलिदानी क्रान्तिवीर /, 2008
